[Event "Shropshire Open"]
[Site "Telford"]
[Date "2024.01.13"]
[Round "3.10"]
[White "Baer, Bruce L"]
[Black "Van Kemenade, Rudy"]
[Result "1-0"]
[WhiteElo "2090"]
[BlackElo "1934"]
[Annotator "Van Kemenade, Rudy"]
[PlyCount "91"]
[EventDate "2024.01.12"]
[EventType "swiss"]
[EventRounds "5"]
[EventCountry "ENG"]
[SourceTitle "BritBase"]
[Source "John Saunders"]
[SourceDate "2024.04.05"]
[SourceVersion "1"]
[SourceVersionDate "2024.04.05"]
[SourceQuality "1"]

1. Nf3 (1. g3 d6 2. Bg2 e5 3. e4 Nc6 4. Ne2 h5 5. d4 Bg4 6. f3 Bd7 7. d5 Nce7
8. c4 g6 {Baer-Van Kemenade, Ilkley op 2022,1/2-1/2}) 1... d6 2. d3 e5 3. e4
Nc6 4. g3 f5 (4... Nf6) (4... g6) 5. Bg2 Nf6 6. c3 (6. Nc3) (6. Nbd2) 6... Be7
(6... fxe4 7. dxe4 Be7 $11 {SF16} 8. Nbd2 {2-2-3} (8. O-O {3-1-3})) 7. Nbd2 O-O
(7... fxe4 8. dxe4 O-O $15 {1-1-1}) 8. b4 $146 (8. O-O {46 games, 40% for Wh})
8... a6 $15 (8... Kh8) (8... Qe8) 9. a4 Qe8 10. h3 fxe4 (10... h6) 11. dxe4 Kh8
12. Qe2 Nd8 (12... Be6) 13. Nc4 Bd7 14. Qc2 Qg6 (14... Bc6 15. Nfd2 Nh5 $15) (
14... Ne6 15. Ng5 Nxg5 16. Bxg5 Be6 17. Ne3 Ng4 $17 {SF16}) 15. Nh4 $11 (15.
O-O Qh5 16. Nh4 $11) 15... Qf7 16. Ne3 g6 (16... Ne6 17. Nhf5 Bd8 18. O-O g6
19. Nh6 Qg7 20. Nhg4 Nxg4 21. Nxg4 h5 22. Ne3 Bg5 $15 {SF16}) 17. Nf3 Bc6 18.
Ng5 $14 Qg8 19. Ng4 (19. h4 h6 20. Nh3 Bd7 21. Nd5 Nxd5 22. exd5 Qg7 23. c4 $14
{SF16}) 19... Nxg4 (19... Bd7 20. Nxf6 Bxf6 21. h4 a5 $11 {SF16}) 20. hxg4 Bxg5
21. Bxg5 Ne6 (21... Qe6 22. f3 Nf7 23. Be3 d5 $11 {SF16}) 22. Be3 g5 23. O-O-O
$14 Rf6 (23... b5) 24. Rh5 (24. Rh2 Raf8 25. Rdh1 R8f7 26. Bf1 Qe8 27. a5 Ba4
28. Qa2 Qc6 29. Kd2 Qd7 30. Bc4 Bc6 31. Qb1 d5 32. Bxd5 Bxd5 33. exd5 Qxd5+ 34.
Kc1 e4 35. Kb2 Qc4 36. Qf1 Qc6 37. Qe2 $16 {SF16}) 24... Re8 (24... Be8 25. Rh2
Bg6 $11 {SF16, considered}) 25. Rdh1 Re7 26. Bf1 d5 $2 {this just results in
opening lines for Wh} (26... b5 {planned, but thought b5 might become weak} 27.
axb5 (27. a5 Be8 28. R5h2 Bg6 29. Bd3 c5 {pm analysis, but Wh was feeling
uncomfortable again}) 27... axb5 28. Kb2 Be8 29. R5h2 c5 30. Qd2 cxb4 31. cxb4
Bg6 32. Qd5 Qf7 $11 {SF16} 33. Bxb5 Rb7 34. Ra1 Kg7 35. Bc4 Qc7 36. Qxb7 Qxb7
37. Ra7 Qxa7 38. Bxa7 Bxe4 $11) 27. exd5 $18 Bxd5 28. R1h2 Bf3 29. Bd3 (29. Be2
{was the move anticipated by Bl when breaking with ...d5}) 29... Rff7 (29... e4
30. Bxe4 Bxe4 31. Qxe4 Qg6 (31... Rff7 32. Qe5+ $18) 32. Qe5 Kg8 33. Rh6 Qxh6
34. Rxh6 Rxh6 35. Bxg5 Rh1+ 36. Kb2 Re8 37. Qd5 Re1 38. Be3 $18 {SF16}) 30. Bf5
(30. Bxh7 Rxh7 31. Qf5 Rxh5 32. Rxh5+ Rh7 33. Qxf3 $18 {SF16}) 30... Rg7 (30...
Bc6 31. a5 Rg7) 31. Kb2 (31. Bxh7 $1 $18) 31... Nf8 $2 (31... b6 32. Bxh7 {SF16
} (32. Qd3 Bb7 33. Rh6 Nf8 34. Qd8 Ng6 35. Qxg8+ Kxg8 36. Bxg5 $18)) (31... Bc6
32. a5 Bd7 33. Rh6 c5 34. bxc5 Nf8 35. Rd6 $18 {SF16}) 32. Bc5 e4 (32... Qf7
33. Bxe7 Qxe7) 33. Bd4 (33. Bxe7 Rxe7 34. Qd2) 33... Qc4 34. Rxg5 (34. Bxh7
Bxg4 35. Rxg5 Nxh7 36. Rxg4 Qd3 37. Bxg7+ Rxg7 38. Rxe4 Qxc2+ 39. Kxc2 $18) (
34. Rxh7+ Nxh7 35. Bxh7 Bxg4 36. Bf5+ Kg8 37. Bxg4 $18) 34... Kg8 35. Bxg7 Rxg7
36. Rxg7+ Kxg7 37. Qd2 Qf1 38. Rh5 (38. Qd4+) 38... c5 39. bxc5 (39. Qh6+ Kf7
40. Be6+ Nxe6 41. Rf5+ Ke7 42. Qf6+ Kd7 43. Qf7+ Kd8 44. Rd5+ Kc8 45. Qxe6+ Kb8
46. Qd6+ Ka8 47. Qf8+ Ka7 48. Qxc5+ Kb8 49. Rd8#) 39... h6 40. Qxh6+ Kf7 41.
Qd2 (41. Bg6+ Nxg6 42. Qh7+ Ke8 43. Qxg6+ Kf8 44. Rh8+ Ke7 45. Rh7+ Kd8 46.
Qg8#) 41... Qc4 42. Rh6 Qxa4 (42... Qxc5) 43. Rb6 (43. Qd5+) 43... Qc4 44.
Rxb7+ Ke8 45. Bd7+ (45. Bg6+ Nxg6 46. Qd7+ Kf8 47. Qd8#) 45... Kd8 46. Bb5+ (
46. Qg5#) 1-0

[Event "Shropshire Open"]
[Site "Telford"]
[Date "2024.01.13"]
[Round "3.11"]
[White "Hilditch-Love, Daniel"]
[Black "Pink, Joshua"]
[Result "1-0"]
[WhiteElo "1930"]
[BlackElo "2024"]
[Annotator "Van Kemenade, Rudy"]
[PlyCount "81"]
[EventDate "2024.01.12"]
[EventType "swiss"]
[EventRounds "5"]
[EventCountry "ENG"]
[SourceTitle "BritBase"]
[Source "John Saunders"]
[SourceDate "2024.04.05"]
[SourceVersion "1"]
[SourceVersionDate "2024.04.05"]
[SourceQuality "1"]

1. d4 Nf6 2. g3 c5 (2... g6 3. Bg2 Bg7 4. e4 d6 5. Ne2 O-O 6. c4 Nc6 7. Nbc3 e5
8. d5 Ne7 9. O-O {Hilditch-love vs R Van Kemenade, Shropshire League, 2023,1-0}
) 3. d5 (3. e3 e6 4. Bg2 d5 5. Nf3 Nc6 6. O-O Bd6 7. Nbd2 O-O 8. c3 e5 {
Morea-Pink, Gibraltar Amateurs, 2019,0-1}) 3... e6 4. c4 exd5 5. cxd5 d6 6. Nc3
g6 7. Bg2 Bg7 8. Nf3 O-O 9. O-O Re8 10. Nd2 Nbd7 (10... a6 {main}) 11. e4 Ne5
12. Qe2 (12. Qc2 {4-1-9}) 12... Bg4 (12... Nh5 $11 {0-3}) (12... g5 {0-1}) 13.
f3 Bh5 $6 (13... Bd7 $11 {SF16}) 14. g4 (14. Nc4 Nxc4 15. Qxc4 a6 16. Qe2 $18 {
SF16}) 14... Nfxg4 15. fxg4 Nxg4 16. Nf3 $16 f5 17. Qc2 $18 Rc8 18. h3 Ne5 19.
Ng5 c4 20. Kh1 Bf6 21. Ne6 Qb6 22. exf5 Bh4 23. f6 {Bl has sacrificed a piece,
but Wh gets the attack} Kf7 (23... Nf7 24. Bd2 $18 {SF16}) 24. Bg5 (24. Qe4 Bg3
25. Bf4 {SF16}) 24... Bg3 25. Bf4 (25. Ne4 h6 26. Nxg3 hxg5 27. Nxg5+ Kf8 28.
Nxh5 $18 {Sf16}) 25... Bxf4 26. Rxf4 h6 27. Raf1 Nd3 28. Rh4 Qe3 (28... Qxb2
29. Qxb2 Nxb2 30. Nb5 $18 {SF16}) 29. Ne4 Qb6 30. Qa4 (30. Rxh5 gxh5 31. Qe2
$18 {SF16}) 30... Ne5 31. Ng3 (31. Rxh5) 31... c3 32. bxc3 Rxc3 33. Nxh5 (33.
Rxh5 gxh5 34. Nf5 {SF16}) 33... gxh5 34. Rxh5 Rc4 35. Qd1 (35. Ng5+ hxg5 (35...
Kf8 36. Rxh6) 36. Rh7+ Kg8 37. Qxe8+ Kxh7 38. Qe7+ Kg6 39. Qg7+ Kh5 40. Qh7# {
SF16}) 35... Qe3 36. Qb1 (36. Rg5 {SF16}) 36... Rh8 37. Qxb7+ (37. Ng5+) (37.
Rg5) 37... Kg6 38. Rxe5 Qxe5 39. Qg7+ Kh5 40. Qxh8 Rc2 41. Rf5+ (41. Bf3+ Kg6
42. Qg8+ Kf5 43. Qh7+ Kxf6 44. Bg4+ Rf2 45. Qg7#) 1-0

[Event "Shropshire Open"]
[Site "Telford"]
[Date "2024.01.13"]
[Round "3.12"]
[White "Wastney, Dylan"]
[Black "Hood, Simon W"]
[Result "0-1"]
[WhiteElo "1907"]
[BlackElo "2043"]
[Annotator "Van Kemenade, Rudy"]
[PlyCount "64"]
[EventDate "2024.01.12"]
[EventType "swiss"]
[EventRounds "5"]
[EventCountry "ENG"]
[SourceTitle "BritBase"]
[Source "John Saunders"]
[SourceDate "2024.04.05"]
[SourceVersion "1"]
[SourceVersionDate "2024.04.05"]
[SourceQuality "1"]

1. e4 d6 2. d4 Nf6 3. Nc3 c6 4. Nf3 Bg4 {main} 5. Bc4 {Bl wants to play d5
anyway} (5. Be2) (5. h3) 5... e6 6. Bd3 Nbd7 (6... d5) 7. h3 Bh5 (7... Bxf3 8.
Qxf3 g6 (8... e5 {2-5-3}) (8... Qb6 9. Ne2 e5 10. Be3 Qxb2 11. O-O Qb6 $14 {
Oswald-Valent, Graz op 2001,0-1}) 9. Bg5 e5 10. dxe5 dxe5 11. O-O-O Bg7 {1-3})
8. Be3 (8. g4 Bg6 9. h4 d5 10. Nd2 dxe4 11. Ndxe4 Nxe4 12. Nxe4 Nf6 13. Nxf6+
Qxf6 14. c3 $11 {Schick-Schindler, Berlin Seniors ch 2009,0-1}) 8... Be7 9. Qd2
b5 10. a4 a6 11. Ne2 Bg6 12. Ng3 d5 13. e5 Ne4 14. Qe2 (14. Bxe4 dxe4 15. Ng5
Nb6 16. N5xe4 Qd5 17. f3 Nc4 18. Qc1 c5 19. dxc5 O-O 20. O-O Qxe5 21. Bf4 Qxb2
22. Qxb2 Nxb2 23. axb5 axb5 24. Bd6 Bxd6 25. Nxd6 $11 {SF16}) 14... Nb6 (14...
Qa5+ 15. Bd2 Nxd2 16. Qxd2 Qxd2+ 17. Kxd2 Bxd3 18. Kxd3 b4 $15 {SAF16}) 15.
axb5 axb5 16. O-O Nc4 (16... Na4 17. Rab1 O-O 18. Bxe4 dxe4 19. Nd2 h6 20.
Ngxe4 Qd5 21. Qf3 c5 22. dxc5 Qxe5 23. Bf4 Qf5 24. g4 Qd5 25. b4 Bxe4 26. Qxe4
Nc3 27. Qxd5 Nxd5 28. Bh2 Ra4 $11 {SF16}) 17. b3 (17. Nxe4 Bxe4 18. Bxe4 dxe4
19. Nd2 Nxd2 20. Bxd2 O-O 21. Qxe4 $16 {SF16}) 17... Nxe3 18. Qxe3 Nxg3 19.
fxg3 Bxd3 20. Qxd3 O-O $11 21. Qc3 (21. c4) 21... Qb6 22. Qb2 (22. b4 $11)
22... b4 $17 (22... c5 $17) 23. Kh1 Ra3 24. Rxa3 bxa3 $19 25. Qa1 Ra8 (25...
Qb4) 26. Rb1 a2 27. Rd1 Ra3 (27... Qa6 28. Re1 c5 {SF16}) 28. Nd2 Qa6 29. b4
Qe2 30. Nb3 Qxc2 31. Nc5 Qxd1+ 32. Qxd1 a1=Q 0-1

[Event "Shropshire Open"]
[Site "Telford"]
[Date "2024.01.13"]
[Round "3.13"]
[White "Tarr, Stephen"]
[Black "Burns, Martin"]
[Result "1/2-1/2"]
[WhiteElo "1814"]
[BlackElo "1962"]
[Annotator "Van Kemenade, Rudy"]
[PlyCount "117"]
[EventDate "2024.01.12"]
[EventType "swiss"]
[EventRounds "5"]
[EventCountry "ENG"]
[SourceTitle "BritBase"]
[Source "John Saunders"]
[SourceDate "2024.04.05"]
[SourceVersion "1"]
[SourceVersionDate "2024.04.05"]
[SourceQuality "1"]

1. d4 Nf6 2. Bf4 d5 (2... e6 3. e3 {2-1-2 Burrows}) 3. e3 c6 (3... e6 {Tarr
2-1-3}) 4. c3 (4. c4) (4. Bd3 {main lines}) 4... Bf5 5. Nd2 (5. Bd3 {main})
5... e6 6. Qb3 (6. Ngf3 {main}) 6... Qb6 7. Be2 (7. Ngf3) 7... Nbd7 8. h3 h6 9.
Ngf3 Be7 10. c4 (10. O-O O-O 11. c4 Ne4 {main}) 10... Ne4 $146 (10... Qxb3 11.
axb3 $11 {2 Wh wins and a draw}) 11. c5 Qxb3 (11... Nxd2 12. Kxd2 Qa5+ 13. Qc3
Qxc3+ 14. Kxc3 a5 $11 {SF16}) 12. axb3 Nxd2 13. Nxd2 (13. Kxd2 $11) 13... e5
$15 14. Bh2 exd4 15. exd4 Bf6 16. Nf3 Be4 17. Ra4 O-O 18. O-O (18. Kd2) 18...
Rfe8 19. Rfa1 (19. Rd1 g6 20. Kf1 Bxf3 21. Bxf3 a6 22. Rb4 Ra7 23. Bg4 Nf8 24.
Re1 Rea8 25. Bc7 h5 26. Bd1 Rc8 27. Bd6 Ne6 $15 {SF16}) 19... Bc2 20. Bd1 Bxd1
21. Rxd1 Re2 22. Rd2 Rae8 23. Bf4 (23. Kf1 $11) (23. Rxa7 Re1+ 24. Nxe1 Rxe1#)
23... R2e4 24. Be3 a6 25. Rd1 R8e7 26. Nd2 R4e6 27. Nf3 g5 28. Bd2 Re2 29. Ba5
Rxb2 30. Rd2 (30. Rb4 Ra2 31. Bd8 Re8 32. Bxf6 Nxf6 33. Rxb7 Ree2 34. Rf1 Ne4
$17 {SF16}) 30... Rxd2 (30... Rxb3 $19) 31. Bxd2 Nf8 $19 32. Kf1 Kg7 (32... Ne6
33. Be3 Kh7 34. Ke2 Bg7 35. g4 Kg6 36. Kd3 f5 $19 {SF16}) 33. Ng1 Kg6 34. Ne2
Bg7 35. g4 Ne6 36. Be3 f5 37. Ng3 f4 38. Nf5 Rd7 (38... Rf7 39. Bd2 f3 $19 {
SF16}) 39. Bd2 h5 $17 (39... f3 $17) 40. f3 Bf8 41. Ra1 hxg4 42. hxg4 Ng7 43.
Nxg7 Bxg7 44. Bc3 Re7 45. Re1 Kf7 (45... Rd7 $17) 46. Rxe7+ Kxe7 $11 47. Ke2
Kd7 48. Kd3 Bf6 49. Ba5 Bd8 50. Bxd8 Kxd8 51. Kc3 Kc7 52. Kb4 (52. b4 b6 53.
Kb3 $11 {SF16}) 52... b6 $19 {Wh stopped keeping score here} 53. Kc3 bxc5 (
53... a5 $1 {SF16} 54. b4 axb4+ 55. Kxb4 bxc5+ 56. Kxc5 Kd7 57. Kb4 Kc8 58. Ka4
Kb7 59. Ka5 Kc7 60. Ka4 (60. Ka6 c5) 60... Kb6 61. Kb4 c5+ 62. dxc5+ Kc6 63.
Kc3 Kxc5 $19 {SF16}) 54. dxc5 Kd7 $11 (54... a5 $19 55. Kd4 Kb7 56. Ke5 Ka6 57.
Kf5 d4 58. Ke4 Kb5 59. Kxd4 Kb4 $19 {SF16}) 55. b4 Ke6 56. Kd4 Kf6 57. Kc3 Ke6
58. Kd3 Ke5 59. Kc3 $11 1/2-1/2

[Event "Shropshire Open"]
[Site "Telford"]
[Date "2024.01.13"]
[Round "3.14"]
[White "Hollands, David"]
[Black "Berkley, Stephen"]
[Result "1/2-1/2"]
[WhiteElo "1917"]
[BlackElo "1790"]
[Annotator "Van Kemenade, Rudy"]
[PlyCount "84"]
[EventDate "2024.01.12"]
[EventType "swiss"]
[EventRounds "5"]
[EventCountry "ENG"]
[SourceTitle "BritBase"]
[Source "John Saunders"]
[SourceDate "2024.04.05"]
[SourceVersion "1"]
[SourceVersionDate "2024.04.05"]
[SourceQuality "1"]

1. Nf3 (1. d4 e6 2. c4 f5 3. g3 Nf6 4. Bg2 c6 5. Nf3 d5 6. Ne5 Bd6 7. f4 Nbd7
8. O-O O-O 9. b3 Qe7 10. Nd2 Ne4 11. Ndf3 Ndf6 12. c5 Bc7 13. Qd3 Nd7 {
Patel-Berkley, Cambridge International 2023,1/2-1/2}) 1... e6 2. g3 f5 3. Bg2
Nf6 4. d4 c6 5. O-O d5 6. b3 (6. c4 {main}) 6... Bd6 7. Bb2 (7. Ba3 {main, 65%
for Wh}) 7... b6 8. Ne5 Bb7 9. Nd2 O-O 10. Ndf3 Qe7 11. a4 $146 (11. c4 {
transposes to 170 games}) 11... a5 12. e3 (12. Nd3 $5) 12... Nbd7 13. Re1 Ne4
14. Nxd7 Qxd7 15. Ne5 Qe7 16. f3 Nf6 17. Rc1 Ba3 (17... Rfd8 $11) 18. Bxa3 Qxa3
19. c4 $16 Qd6 (19... Qe7) 20. Qc2 (20. c5 bxc5 21. Rxc5 Nd7 22. Nxd7 Qxd7 23.
Qd2 $16 {SF16}) 20... c5 21. f4 (21. cxd5 Bxd5 22. Nd3 Rac8 23. e4 c4 24. Nf2
cxb3 25. Qxc8 Rxc8 26. Rxc8+ Kf7 27. exd5 Nxd5 28. Nd3 $14 {SF16}) 21... cxd4 (
21... Rac8 $11) 22. exd4 $16 Rac8 23. Qd2 (23. c5 bxc5 24. dxc5 Qc7 25. Qe2 Ne4
26. Bxe4 fxe4 27. c6 Ba8 28. Qa6 $16 {Sf16}) 23... Rc7 $11 24. Qe3 Rfc8 25. Bf1
Ne4 26. Rc2 dxc4 27. Bxc4 (27. bxc4) 27... Bd5 28. Rec1 Bxc4 29. Rxc4 (29. bxc4
Qb4 30. Ra1 $11 {SF16}) 29... Rxc4 30. bxc4 Qb4 31. Qd3 (31. g4 h6 (31... Qxa4
32. d5 exd5 33. Qxb6 Re8 34. Qb7 $11) 32. Rf1 Nd6 33. Qd3 Ne4 $11 {SF16}) 31...
Qxa4 $15 32. d5 Qb4 (32... Rd8 $17 {SF16}) 33. dxe6 Qc5+ (33... Qe7 34. Qd7 Rc7
$11 {SF16}) 34. Kg2 Qe7 (34... Qf2+ 35. Kh3 g5 36. Rc2 g4+ 37. Nxg4 fxg4+ 38.
Kh4 Nc5 39. Qf5 Qe3 40. Re2 Qxe2 41. Qf7+ Kh8 42. Qf6+ $11 {SF16}) 35. Qd7 Re8
36. Rd1 (36. Rb1 $14 {SF16}) 36... Kf8 37. Qxe7+ (37. Rb1 Qxe6 38. Qa7 Re7 39.
Qxb6 Qxb6 40. Rxb6 a4 41. Ra6 Rb7 42. Rxa4 Rb2+ $11 {SF16}) 37... Rxe7 (37...
Kxe7 38. Rd7+ Kxe6 39. Rxg7 Ra8 40. Rxh7 a4 41. Rh6+ Ke7 42. Rxb6 a3 43. Rb1 a2
44. Ra1 Nc5 45. Nc6+ Kf6 46. Nd4 Nd3 47. Ne2 Ra4 48. h3 Kg6 49. g4 Kf6 $11 {
SF16}) 38. Rd8+ (38. Nd7+ Ke8 39. Nxb6 Rxe6 40. Nd5 Kf7 $11 {SF16}) 38... Re8
39. e7+ {Wh stopped keeping score} (39. Nc6 a4 40. e7+ Kf7 41. Rd7 Nc5 42. Ra7
Ke6 $11 {SF16}) 39... Kxe7 40. Nc6+ (40. Rd7+ Ke6 41. Rxg7 Re7 42. Rg8 $11 {
SF16}) 40... Kf7 (40... Kf8 41. Rd5 Rc8 42. Ne5 (42. Rxf5+ Nf6 43. Ne5 Ke7 $19)
42... Nc5 43. Kf3 Ke8 44. Rd2 Rd8 $19 {SF16}) 41. Rd5 (41. Rd7+ Kf6 42. Ra7 Nc5
43. Kf3 Re1 $17 {SF16}) 41... g6 42. Rb5 (42. Ne5+ Ke6 43. Rb5 Rb8 $19 {SF16})
42... Nd6 {Draw agreed} (42... Nd6 43. Rxb6 Nxc4 44. Rb7+ Kf6 45. Ra7 Re2+ 46.
Kf3 Rc2 47. Nxa5 $11) (42... Ra8 $1 43. Rxb6 a4 $19 {SF16} 44. Rb7+ Ke6 45.
Nd4+ Kd6 46. Nb5+ Kc5 (46... Kc6 47. Rxh7 $17) 47. Na3 Rd8 48. Kh3 Rd2 49. Nb1
Ra2 50. g4 Kxc4 51. Ra7 Kd3 52. gxf5 gxf5 53. Ra5 Ra1 54. Rb5 Kc2 55. Rb4 Nf2+
56. Kh4 Nd3 $19 {SF16}) 1/2-1/2

[Event "Shropshire Open"]
[Site "Telford"]
[Date "2024.01.13"]
[Round "3.15"]
[White "Holyhead, James"]
[Black "Dooley, Max"]
[Result "0-1"]
[WhiteElo "1676"]
[BlackElo "1902"]
[Annotator "Van Kemenade, Rudy"]
[PlyCount "106"]
[EventDate "2024.01.12"]
[EventType "swiss"]
[EventRounds "5"]
[EventCountry "ENG"]
[SourceTitle "BritBase"]
[Source "John Saunders"]
[SourceDate "2024.04.05"]
[SourceVersion "1"]
[SourceVersionDate "2024.04.05"]
[SourceQuality "1"]

1. d4 Nf6 2. Nf3 (2. g3 d6 3. Nf3 Nbd7 4. Bg2 c6 5. O-O Qc7 6. Re1 e5 7. e4 Be7
8. c4 Nf8 9. h4 Bg4 {Holyhead-J Van Kemenade, Shropshire Individual 2023,0-1})
2... g6 3. g3 Bg7 4. Bg2 O-O 5. O-O d6 6. b3 Nbd7 7. Bb2 c6 (7... e5 {main}) 8.
c4 d5 (8... Qc7 {main}) 9. Nbd2 {main} (9. Nc3) 9... c5 $146 (9... e6) (9...
Re8 {main lines}) 10. dxc5 Nxc5 11. cxd5 (11. Rc1 dxc4 12. Rxc4 $16 {SF16})
11... Qxd5 12. Nc4 (12. Ne5 Qd6 13. Ndc4 $16 {SF16}) 12... Qf5 13. Nh4 Qh5 14.
Bf3 Bg4 $11 15. Ne3 Bxf3 16. Nxf3 Rfd8 17. Qe1 (17. Qc2 Nd3 18. Bxf6 Rac8 19.
g4 Qh3 20. Bxg7 Rxc2 21. Ng5 Qh4 22. Nf3 {SF16, repetition}) 17... b6 (17...
Nd3 18. exd3 (18. Qb1 Nxb2 19. Qxb2 Ng4 $19) 18... Qxf3 $15 {SF16}) 18. Qb4
Rac8 (18... Nd3 $1) 19. Qh4 Qxh4 20. Nxh4 (20. gxh4 Ng4 21. Bxg7 Nxe3 22. fxe3
Kxg7 $17 {SF16}) 20... Nce4 (20... Rd2 $19 21. Bxf6 Bxf6 22. Rac1 Bb2 23. Rce1
Bd4 24. Rc1 Bxe3 25. fxe3 Re8 26. b4 Ne4 $19 {SF16}) 21. Rfd1 (21. Rac1 Ng4 22.
Nd5 Bf8 23. Nc3 Nexf2 24. Rxf2 Nxf2 25. Kxf2 Bg7 26. Ke1 Rc5 27. Ng2 Rdc8 28.
Kd2 Rh5 29. h4 Rd8+ 30. Kc2 Re5 31. Rd1 $11 {SF16}) 21... Rxd1+ (21... Nxf2 $1
$19 22. Rxd8+ (22. Kxf2 Ne4+ 23. Kf3 Ng5+ 24. Kg2 Bxb2 $19) 22... Rxd8 23. Rc1
N2e4 24. Rc7 Ne8 25. Rc2 Bxb2 26. Rxb2 Rc8 $19 {SF16}) 22. Rxd1 $11 Kf8 23. f3
Nd6 (23... Nc3 24. Rd2 Ne8 25. Nhg2 $11 {SF16}) 24. Kf2 $6 (24. Nhg2) 24...
Nfe4+ 25. fxe4 Bxb2 $15 26. Kf3 Ba3 27. e5 Nb5 28. Nc4 Bc5 29. e3 (29. Rd2)
29... Ke8 (29... Nc3 30. Ra1 (30. Rd2 b5 31. Rc2 Nd5 32. Na3 a6 $19) 30... b5
31. Nb2 Ba3 32. Nd1 b4 $19 {SF16}) 30. Ng2 (30. Rc1 $11) 30... Nc3 31. Rd2 b5
32. Na5 Bb4 $19 (32... Rc7 $19) (32... Bb6 $19) 33. Nb7 Rb8 34. a3 Bxa3 35. Na5
(35. Rc2 Rxb7 36. Rxc3 Kd7 $19 {SF16}) 35... Rc8 36. b4 (36. Nb7 a5 37. Nf4 (
37. Nxa5 Bb4 38. Nb7 Rb8 39. Rd4 Na2 $19) 37... a4 38. bxa4 bxa4 $19 {SF16})
36... Bxb4 37. Nb3 e6 (37... a5 $19 {SF16- simplest}) 38. Nf4 Nd5 39. Nxd5 Bxd2
40. Nf6+ Ke7 41. Nxd2 b4 (41... a5 {SF16- the N on f6 and the Wh K are far
away from the action}) 42. Nb3 Rc3 43. Nd4 a5 (43... b3 {also} 44. Ne4 Rd3 45.
Nb5 Rd1 46. Nxa7 Rf1+ 47. Kg2 b2 48. Nc3 Rc1 49. Nab5 b1=Q 50. Nxb1 Rxb1 51.
Nd4 Rb2+ $19 {SF16}) 44. Ne4 Ra3 (44... Rc4 45. Nd2 Rc7 46. Ke2 a4 {SF16}) 45.
Nc2 Ra2 46. Nd4 Kd7 47. Nb3 a4 48. Nbc5+ Kc6 49. Kf4 h6 (49... b3 50. Nd3 Rxh2
(50... a3)) 50. Nd3 b3 $1 {Bl had a ? by this move on the scoresheet} (50...
Rxh2 51. Nxb4+ Kb5 52. Nd3 a3 53. Nd6+ Ka4 54. Nc5+ Kb4 55. Nd3+ Kc3 56. Ke4 a2
57. Nb5+ Kd2 58. Nd4 Rh1 59. Nc5 Kc3 60. Na4+ Kb4 61. Nb2 a1=Q 62. Nc2+ Kc3 63.
Nxa1 Rxa1 {and the N has no escape-SF16- more convoluted}) 51. Nb4+ Kb6 52. Nd6
Rxh2 (52... Rf2+ 53. Ke4 b2 54. Nc4+ Kb5 55. Nxb2 Rxb2 56. Nd3 Rxh2) 53. Nxf7
Rf2+ {(though Bl does not need to pick up the N on f7- the b pawn gets though}
(53... Rf2+ 54. Kg4 b2 55. Nd3 b1=Q 56. Nxf2 Qf5+ 57. Kh4 Qh5#) 0-1

[Event "Shropshire Open"]
[Site "Telford"]
[Date "2024.01.13"]
[Round "3.16"]
[White "Conway-Lees, Joe"]
[Black "Van Kemenade, Julie"]
[Result "1-0"]
[WhiteElo "1857"]
[BlackElo "1617"]
[Annotator "Van Kemenade, Rudy"]
[PlyCount "47"]
[EventDate "2024.01.12"]
[EventType "swiss"]
[EventRounds "5"]
[EventCountry "ENG"]
[SourceTitle "BritBase"]
[Source "John Saunders"]
[SourceDate "2024.04.05"]
[SourceVersion "1"]
[SourceVersionDate "2024.04.05"]
[SourceQuality "1"]

1. e4 d6 2. d4 Nd7 3. Nf3 Ngf6 (3... e5) 4. Nc3 (4. e5 {78% for Wh}) 4... e5 5.
Bc4 Be7 6. a4 c6 7. O-O h6 8. Ba2 (8. Re1 {main}) 8... Qc7 9. h3 (9. Re1 {main}
) 9... Rg8 (9... Nf8 {main}) 10. Qe2 (10. Be3 g5 11. Ne1 Nf8 12. g4 Ng6 13.
dxe5 dxe5 14. f3 Nf4 {Faraci-Pauwels, Imperia op 2001,1/2-1/2}) 10... g5 (10...
Nf8 11. Qc4 Ne6 {SF16}) 11. Qc4 Rg7 12. dxe5 dxe5 13. Rd1 (13. Nd5 Nxd5 14.
exd5 Nb6 15. Qc3 Bd6 16. dxc6 Qxc6 17. Qd2 Be6 18. Bxe6 fxe6 19. Rd1 O-O-O (
19... Nd5) 20. Nxe5 Qc7 21. Nd3 Kb8 22. Qe2 Nd5 23. Qxe6 Qxc2 24. Bd2 $16 {SF16
}) 13... Qb8 (13... Nc5 $11 {SF16}) 14. a5 Nf8 15. Be3 (15. a6 $18 {SF16})
15... Be6 16. Qd3 Qc7 (16... Bxa2 $5) 17. Bxe6 Nxe6 18. Qc4 Bd8 $2 {thinking
that Wh threatened Nb5, but the Q is protected} (18... g4 $11 {SF16} 19. Bxh6
gxf3 20. Bxg7 Nxg7 21. Nd5 Nxd5 22. exd5 fxg2 23. a6 b5 24. Qxc6+ Qxc6 25. dxc6
Rc8 $11) 19. Bc5 Nf4 (19... Nxc5 20. Qxc5 Nd7 21. Qc4 Rg6 22. Ne2 $18 {SF16- a
N comes to f5}) 20. Bd6 Qc8 21. a6 (21. Bxe5) 21... b5 (21... g4 22. Nxe5 gxh3
23. g3 Bb6 24. axb7 Qxb7 25. Kh2 Ne6 26. f3 $18) 22. Qc5 (22. Nxb5 $1 {SF16}
cxb5 23. Qxb5+ Nd7 24. Nxe5 f6 25. Nc4 Rb8 26. Bxb8 Qxb8 27. Nd6+ Kf8 28. Qxb8
Nxb8 29. Nf5 $18) 22... Nxh3+ (22... Nd7 23. Qe3 Bb6 24. Qd2 f6 25. Ne2 Nc5 26.
Ng3 Qe6 27. Qc3 $16 {SF16}) 23. gxh3 Qxh3 24. Qxe5+ (24. Qxc6+) 1-0

[Event "Shropshire Open"]
[Site "Telford"]
[Date "2024.01.14"]
[Round "4.1"]
[White "Surtees, Michael"]
[Black "Martin, Lewis"]
[Result "0-1"]
[WhiteElo "2187"]
[BlackElo "2228"]
[Annotator "Van Kemenade, Rudy"]
[PlyCount "101"]
[EventDate "2024.01.12"]
[EventType "swiss"]
[EventRounds "5"]
[EventCountry "ENG"]
[SourceTitle "BritBase"]
[Source "John Saunders"]
[SourceDate "2024.04.05"]
[SourceVersion "1"]
[SourceVersionDate "2024.04.05"]
[SourceQuality "1"]

1. e4 c6 (1... e6 2. f4 (2. Nf3 d5 3. e5 c5 4. b4 {Surtees 1-1}) 2... d5 3. e5
c5 4. b4 {Surtees 4-0-4}) 2. Ne2 d5 3. e5 c5 4. b4 {Surtees 6-1-2 ( one loss
to Arkell)} cxb4 5. a3 (5. d4) 5... Qc7 $146 {2nd line SF16} (5... Nc6 {
Surtees 1-1 ( a loss to Arkell) , overall 7-0-5}) (5... b3 {1 SF16 line} 6.
cxb3 d4 7. Ng1 Qd5 8. Nf3 Nc6 9. Bc4 Qc5 10. O-O $11 {Surtees-Hutchinson, BCF
ch Seniors 65+, Coventry 2015,1-0}) 6. f4 (6. axb4 Qxe5 7. d4 Qd6 8. c4 $11 {
SF16}) 6... Nh6 (6... e6 $15 {SF16}) 7. axb4 Bf5 8. Nd4 Nc6 (8... Bg4 $11) 9.
Bb5 (9. Nxf5 Nxf5 10. c3 $16 {SF16}) 9... Bg4 10. Ne2 e6 $15 11. c3 Be7 12. d4
O-O 13. O-O Qb6 (13... a5 $15 {SF16}) 14. Na3 (14. Bd3 $11 {SF16}) 14... a5 15.
bxa5 Rxa5 (15... Qxa5 $15 {SF16}) 16. Bxc6 (16. Bd3 $11 {SF16}) 16... bxc6 $19
17. h3 Bxe2 18. Qxe2 Qa7 19. g4 Bxa3 20. Bd2 Be7 21. Rxa5 Qxa5 22. f5 Nxf5 {
playing safe} (22... exf5 $19) (22... Rb8 $19) (22... Ra8 $19) 23. gxf5 exf5
24. Rxf5 Qa2 $17 25. Rf2 Rb8 26. e6 Qb1+ 27. Rf1 Qg6+ 28. Qg4 Qxg4+ (28... Qxe6
) 29. hxg4 fxe6 $19 30. Ra1 Bd6 31. Ra6 Rc8 32. Kf2 e5 33. dxe5 Bxe5 34. Ke2
Kf7 35. Kd3 Ke6 36. Be3 Kd6 37. Ra7 Rc7 38. Ra8 Rf7 39. c4 dxc4+ 40. Kxc4 Rf3
41. Bd2 h6 (41... Rg3 42. g5 Rg4+ 43. Kd3 Bf4 44. Bb4+ c5 45. Ra6+ Kd5 46. Ra5
Bd6 47. Bd2 Bc7 48. Rb5 Rg3+ 49. Kc2 Rg2 50. Kd3 Kc6 $19 {SF16}) 42. g5 hxg5
43. Bxg5 Rc3+ 44. Kb4 c5+ 45. Kb5 Bd4 46. Bf4+ Kd5 47. Rd8+ Ke4 48. Bd2 Rc2 49.
Be1 g5 50. Rg8 Be3 51. Ka4 {(time?)} 0-1